000 00786nam a2200217 a 4500
001 BRCA_1028
005 20190320203240.0
008 960712s1991 mx-a---##c---#000-0#spa-#
020 _a9683619681
040 _aDLC
_cDLC
041 _aengspa
050 4 _aNE546.R6
_b.V53 1991
245 1 0 _aVicente Rojo
_bobra gráfica completa, 1969/1990.
260 _aMéxico
_bUNAM : Centro de Investigación y Servicios Museológicos
_c1991
300 _a47 p.
_bil. a color
_c23 cm.
500 _aCatálogo de la exposición realizada en la Galería Universitaria Aristos, (Ciudad de México), abril - junio, 1991
546 _aTexto en : español e inglés
600 1 4 _aRojo, Vicente
_d1932-
_vExposiciones
_93381
650 1 4 _aArtistas españoles
_vBiografía
_ySiglo XX
_93382
942 _2lcc
_cB
999 _c907
_d907